| 000 | 00561nam a2200217Ia 4500 | ||
|---|---|---|---|
| 005 | 20241216010507.0 | ||
| 008 | 180423s9999||||xx |||||||||||||| ||und|| | ||
| 082 |
_a550 _bU61 |
||
| 100 | _aUNITED STATES GOVERNMENT | ||
| 245 | 0 | _aFISCAL YEAR 1981 GEOLOGICAL SURVEY RESEARCH | |
| 250 | _a0 | ||
| 260 |
_aU.S.A. _bUNITED STATES GOVERNMENT _c1984 |
||
| 300 |
_a424 pag _c29 cm |
||
| 341 | _h0 | ||
| 490 |
_v0 _a0 |
||
| 505 | _aMINERAL GEOLOGIC/ASTRO LOGICAL | ||
| 541 |
_aC _d01-Feb-00 |
||
| 650 | _aCIENCIAS PURAS | ||
| 856 | _zCC. Puras | ||
| 942 | _cLIBRO | ||
| 999 |
_c15965 _d15965 |
||